| 000 | 01505cam a2200349 i 4500 | ||
|---|---|---|---|
| 001 | 36651 | ||
| 003 | Mx-PuUPA | ||
| 005 | 20250721124340.0 | ||
| 008 | 140415s2015 mx ad gr 001 0 spa d | ||
| 020 |
_a9786070269905 _qrústica |
||
| 020 |
_a9786070269875 _qcolección rústica |
||
| 040 |
_aMx-PuUPA _bspa _cMx-PuUPA _dMx-PuUPA _erda |
||
| 041 | 0 | _aspa | |
| 043 | _an-mx--- | ||
| 100 | 1 |
_aZubieta García, Judith, _917321 _eautor |
|
| 245 | 1 | 0 |
_aEducación : _blas paradojas de un sistema excluyente / _cJudith Zubieta García, Tomás Bautista Godínez, Ana Hilda Gómez Torres, María del Rosario Freixas Flores |
| 246 | 1 | 3 |
_aEducación. Las paradojas de un sistema excluyente : _bEncuesta Nacional de Educación |
| 250 |
_aPrimera edición / _bagosto |
||
| 264 | 1 |
_aMéxico, D.F. : _bUniversidad Nacional Autónoma de México, _c2015 |
|
| 300 |
_a230 páginas : _bilustraciones, gráficas ; _c23 cm |
||
| 336 |
_2rdacontent _atexto _btxt |
||
| 337 |
_2rdamedia _asin medio _bn |
||
| 338 |
_2rdacarrier _avolumen _bnc |
||
| 490 | 0 |
_aLos mexicanos vistos por sí mismos. Los grandes temas nacionales ; _v3 |
|
| 650 | 7 |
_2armarc _aDerecho a la educación _zMéxico |
|
| 650 | 7 |
_2armarc _aEducación _zMéxico _xOpinión Pública |
|
| 650 | 7 |
_2armarc _aIgualdad de oportunidades en educación _zMéxico _ySiglo XXI |
|
| 942 |
_2ddc _cLI _h370.972 _iZ53 |
||
| 999 |
_c36651 _d36651 |
||